Score 0/16 Timer 04:00
0 Plays Today
Clues Answer 1 % Correct
Hit with an open hand/Fava, runner or lima SLΑP
83.2%
Cook briefly on the outside/Outer margin of a hat SEΑR
78.3%
'Don't you ___ me, baby?'/Newspaper death notice WΑNT
78%
___ Disney, Mickey Mouse creator/Suffix linking arachnoph- and claustroph- WΑLT
77.6%
Fly with little effort/___ Stoker, 'Dracula' author SOΑR
76.8%
Shredded cabbage salad/Swiss capital city SLΑW
76.8%
Mystic or fortuneteller/French soft cheese SΕΕR
76.6%
Cleaning agent/Cereal component SOΑP
74.2%
Clues Answer 1 % Correct
Traveled/Leave out WΕNT
70.9%
What Harry does in a Quidditch match/Fourth largest of the Great Lakes SΕEK
66.9%
Companion for a lady/Reflect or give out light GΕNT
66.5%
Blemish or imperfection/Laura ___, star of 'Jurassic Park' FLΑW
62.4%
Dorky or nerdy person/___ Falco, star of 'Nurse Jackie' GΕEK
59.8%
Flemish city/Alter or correct GΕNK
50.9%
▲ Flemish Dutch-speaking region in northern Belgium ▲►FLAN 
43.4%
▼ Walloon French-speaking region in southern Belgium ▼►WALL 
26.4%

Today's Daily Dose

Remove Ads.
Support Sporcle.
Get the best of Sporcle when you Go Orange. This ad-free experience offers more features, more stats, and more fun while also helping to support Sporcle. Thank you for becoming a member.

You're not logged in!

Compare scores with friends on all Sporcle quizzes.
OR
Log In

Show Comments

Extras

Top Quizzes Today


Score Distribution

Your Account Isn't Verified!

In order to create a playlist on Sporcle, you need to verify the email address you used during registration. Go to your Sporcle Settings to finish the process.

Report this User

Report this user for behavior that violates our Community Guidelines.

Details: